[Event "Budapest FS03 GM"]
[Site "Budapest"]
[Date "1996.??.??"]
[Round "12"]
[White "Totsky, Leonid"]
[Black "Kogan, Artur"]
[Result "0-1"]
[WhiteElo "2430"]
[BlackElo "2485"]
[Annotator "Horvath,Ta"]
[PlyCount "92"]
[EventDate "1996.03.??"]
[EventType "tourn"]
[EventRounds "13"]
[EventCountry "HUN"]
[EventCategory "9"]
[SourceTitle "CBM 053"]
[Source "ChessBase"]
[SourceDate "1996.08.01"]
[SourceVersion "1"]
[SourceVersionDate "1996.08.01"]
[SourceQuality "1"]

1. e4 c5 2. Nf3 Nc6 3. Bb5 e6 4. O-O (4. Bxc6 bxc6 5. d3 Ne7 6. O-O Ng6 7. Ng5
$5 e5 8. Qh5 Qf6 $1 9. Nc3 d6 10. Nxh7 $6 Qd8 11. g3 Be7 $2 {
Hennigan-Chernajev/Gausdal/1995} (11... Qd7 $1 {Ma.Tseitlin})) 4... Nge7 5. c3
{Die "spanische" Behandlung. Besser gefehlt mir Re1 mit d4.} a6 (5... d5 6.
exd5 Qxd5 7. Re1 Bd7 8. Na3 Ng6 9. Bf1 Be7 $13 {Gelfand-Sveshnikov/Ljubjana/
1995}) 6. Ba4 (6. Be2 $5 d5 7. exd5 Nxd5 8. d4 cxd4 (8... Be7 9. c4 Nf6 10.
dxc5 {Die Stellung sieht aus,wie Sizilianisch mit 2.c3} Bxc5 11. Qxd8+ Kxd8 12.
Nc3 Ke7 13. Rd1 Rd8 14. Rxd8 Nxd8 15. a3 $14 {Kasparov-Kramnik/Paris/Rapid/1995
}) 9. Nxd4 Nxd4 10. Qxd4 Bd7 11. Bf3 $14 {Kramnik-Miladinovic/Beograd/1995})
6... b5 7. Bc2 Bb7 8. Qe2 {Oft gespielt sind auch 8.Re1; 8.e5; und 8.d4} Ng6 9.
d4 cxd4 10. cxd4 Nh4 11. Nbd2 Rc8 12. Bb1 Bd6 13. e5 (13. d5 $6 Ne5 14. Nxe5
Bxe5 15. Nf3 $2 Nxf3+ 16. Qxf3 Rxc1 17. Rxc1 Bxb2 $17) (13. Nxh4 $2 Qxh4 14.
Nf3 Nxd4 $19) (13. Rd1 $5 O-O 14. Nxh4 Qxh4 15. Nf3 $13) 13... Bb8 14. Qe4 Nf5
15. Nb3 d6 16. Qg4 Nce7 17. Re1 Qb6 18. Bg5 dxe5 19. dxe5 h6 20. Bxe7 Nxe7 21.
Nbd2 (21. Qxg7 $6 Rg8 22. Qf6 Ba7 23. Rf1 Rc4 $36) 21... Ba7 22. Qg3 Rd8 23.
Re2 O-O 24. Bc2 Nf5 25. Bxf5 exf5 26. Qf4 Qe6 $17 {Schwarz steht besser, weil
das Lauferpaar in dieser Stellung stärker als die Springer} 27. h4 Rd3 28. Nf1
Bxf3 29. gxf3 Rd4 30. Qg3 f4 31. Qg2 Rfd8 32. Rae1 Rd1 33. a3 Kh7 34. Kh2 Rxe1
35. Rxe1 Rc8 36. Re2 Rc1 37. Nd2 Rc2 38. Qf1 Rxb2 39. Qc1 Qa2 40. Kg2 Bd4 41.
e6 fxe6 42. Qc6 Qd5 43. Qe8 Qf5 44. h5 e5 45. Kf1 Rc2 46. Ne4 Qh3+ 0-1

[Event "Interzonal-16"]
[Site "Biel"]
[Date "1993.??.??"]
[Round "1"]
[White "Spasov, Vasil"]
[Black "Gulko, Boris F"]
[Result "1/2-1/2"]
[WhiteElo "2540"]
[BlackElo "2635"]
[Annotator "Horvath,Ta"]
[PlyCount "109"]
[EventDate "1993.07.16"]
[EventType "swiss"]
[EventRounds "13"]
[EventCountry "SUI"]
[SourceTitle "CBM 037"]
[Source "ChessBase"]
[SourceDate "1993.12.01"]
[SourceVersion "1"]
[SourceVersionDate "1993.12.01"]
[SourceQuality "1"]

1. e4 c5 2. Nf3 Nc6 3. Bb5 e6 4. O-O Nge7 5. c3 (5. b3) 5... a6 6. Ba4 b5 7.
Bc2 Bb7 8. Re1 Rc8 9. a4 (9. d4 cxd4 10. cxd4 Nb4 11. Bb3 Rxc1 12. Qxc1 Nd3 $10
) 9... Ng6 10. axb5 axb5 11. d4 cxd4 12. Nxd4 $5 (12. cxd4) 12... Nxd4 13. cxd4
(13. Qxd4 b4 $5 $10) 13... Be7 (13... Bb4 14. Nc3 $1 Bxc3 15. bxc3 Rxc3 16. Bb2
Rc8 17. Ba3 d6 18. d5 $1 $44) 14. Bd3 b4 15. Be3 (15. Nd2 $5 O-O 16. Nb3 $13)
15... O-O 16. Nd2 f5 $1 17. d5 $6 (17. f3 $6 fxe4 18. fxe4 Bg5 $44) (17. exf5
$1 Nh4 18. fxe6 Bxg2 19. Qh5 $1 g6 20. Qg4 Bf3 21. Qh3 $1 Bg2 22. Qg4 $10)
17... Ne5 (17... f4 $6 18. Bd4 e5 19. Ba7 $14) 18. Ba6 Bxa6 19. Rxa6 Nd3 $1 20.
Rf1 Bc5 21. Qe2 (21. dxe6 Bxe3 22. fxe3 Nc5 $15) 21... Bxe3 (21... f4 $6 22.
Qxd3 fxe3 23. fxe3 Qg5 24. Rxf8+ (24. Re1 $2 Qxe3+ 25. Rxe3 Bxe3+ $19) 24...
Rxf8 25. Nc4 (25. Nf1 $2 Qf4 $1 $17) 25... Qf4 26. Ra1 $16) 22. Qxe3 $6 (22.
Qxd3 Bxd2 23. Qxd2 fxe4 24. dxe6 dxe6 25. Qxd8 (25. Qxb4 $2 e3 $40) 25... Rcxd8
26. Rxe6 Rd2 27. b3 Rb2 28. Rxe4 Rxb3 $15) 22... Nc5 23. Raa1 exd5 24. exf5 (
24. exd5 Qf6 $17) 24... Rxf5 25. Nf3 Qe8 $1 26. Qxe8+ Rxe8 27. Rfd1 Re4 28. Kf1
$6 (28. Nd4 Rff4 29. Nb5 Re2 30. Rxd5 Ne6 $17) 28... Ref4 $1 29. Rd4 Kf7 30.
Rad1 Ke6 $19 31. g4 $5 Rf6 32. Ng5+ Ke7 $2 (32... Kd6 33. Rxd5+ Kc6) 33. Rxf4
Rxf4 34. Rxd5 Na4 35. b3 Nc3 36. Rd3 Rxg4 (36... h6 37. Nf3 Rxg4 38. Ne5 (38.
Rxd7+ $2 Kxd7 39. Ne5+ Kd6 40. Nxg4 Ne4 $19) 38... Re4 39. Nxd7 $10) 37. Nxh7
d5 (37... Rh4 $5 38. Ng5 Rxh2 39. Rd4 Na2 40. Rd2 Nc1) 38. h3 Rf4 39. Ng5 Kd6
40. Kg2 Rf5 41. h4 Rf4 42. Nf3 Kc5 43. Ng5 Kd6 $2 (43... Rxh4 44. Ne6+ Kd6 45.
Nxg7 Ke5 $1 $17) 44. Nf3 Ne4 $2 (44... Kc5) 45. Rd1 Rg4+ 46. Kf1 Nc5 47. Rd4 $1
Re4 48. Rxe4 dxe4 49. Nd4 Ke5 50. Nc6+ Kf4 51. Nxb4 Kf3 52. Nc2 Nxb3 53. Ne1+
Kg4 54. Ke2 Kxh4 55. Ke3 1/2-1/2

[Event "Maribor Pirc Memorial"]
[Site "Maribor"]
[Date "1996.??.??"]
[Round "?"]
[White "Pavasovic, Dusko"]
[Black "Podlesnik, Bogdan"]
[Result "1/2-1/2"]
[WhiteElo "2425"]
[BlackElo "2410"]
[Annotator "Horvath,Ta"]
[PlyCount "81"]
[EventDate "1996.05.??"]
[EventType "tourn"]
[EventRounds "11"]
[EventCountry "SLO"]
[EventCategory "10"]
[SourceTitle "CBM 055"]
[Source "ChessBase"]
[SourceDate "1996.12.01"]
[SourceVersion "1"]
[SourceVersionDate "1996.12.01"]
[SourceQuality "1"]

1. e4 c5 2. Nf3 Nc6 3. Bb5 e6 4. O-O Nge7 5. b3 Nd4 6. Nxd4 cxd4 7. c3 Nc6 8.
Bb2 Bc5 9. b4 Bb6 10. a4 a6 11. Be2 O-O 12. b5 dxc3 13. dxc3 axb5 14. axb5 Rxa1
15. Bxa1 Ne5 16. c4 Qc7 17. Nd2 (17. Nc3 $5 Nxc4 $2 (17... d6 18. Na4 $14) 18.
Na4 Ba7 19. Qc1 $1 d5 20. exd5 exd5 21. b6 $1 Bxb6 22. Qg5 g6 (22... d4 23.
Bxc4 $18) 23. Qf6 $18) 17... Ng6 18. g3 e5 19. Nb3 d6 20. Qd3 f5 {[#]} 21. Qd5+
Kh8 22. Rd1 fxe4 23. c5 (23. Qxd6 $2 Bxf2+ 24. Kh1 Qf7 $17) 23... dxc5 24. Bc4
Bg4 25. Re1 Bf3 26. Nd2 Ba5 (26... Rd8 27. Qe6 Ba5 28. Nxf3 Bxe1 $2 (28... exf3
29. Bxe5 Nxe5 (29... Qd7 $2 30. Qxd7 Rxd7 31. Bc3 $1 $18) 30. Qxe5 Qxe5 31.
Rxe5 Rd1+ 32. Bf1 g6 33. Re3 c4 34. Rxf3 c3 35. Rf8+ Kg7 36. Rc8 $10) 29. Ng5
$1 (29. Nxe1 $2 Qa5 $19 30. Nc2 Qd2 31. Bb3 e3 32. fxe3 Qd1+ 33. Kg2 Rd2+ 34.
Kh3 Qh5#) 29... Rf8 30. Nxh7 $1 $18 (30. Nf7+ Rxf7 $8 (30... Kg8 $2 31. Nxe5+
Kh8 32. Nxg6+ hxg6 33. Qh3#) 31. Qxf7 Qxf7 32. Bxf7 Bd2 33. Bd5 b6 34. Bxe4 $13
)) 27. Nxf3 exf3 28. Re3 Qc8 29. Bxe5 Nxe5 30. Rxe5 Bc3 31. Re3 Bf6 32. Rxf3
Rd8 33. Qf7 Rf8 34. Qd5 Rd8 35. Qf7 Rf8 36. Qh5 g6 37. Qd5 Rd8 38. Qf7 Rf8 39.
Qd5 Rd8 40. Qf7 Rf8 41. Qd5 1/2-1/2

[Event "Donner Memorial"]
[Site "Amsterdam"]
[Date "1995.??.??"]
[Round "5"]
[White "Morozevich, Alexander"]
[Black "Polgar, Judit"]
[Result "1-0"]
[WhiteElo "2630"]
[BlackElo "2635"]
[Annotator "Horvath,Ta"]
[PlyCount "58"]
[EventDate "1995.08.??"]
[EventType "tourn"]
[EventRounds "11"]
[EventCountry "NED"]
[EventCategory "16"]
[SourceTitle "CBM 049"]
[Source "ChessBase"]
[SourceDate "1995.12.01"]
[SourceVersion "1"]
[SourceVersionDate "1995.12.01"]
[SourceQuality "1"]

1. e4 c5 2. Nf3 Nc6 3. Bb5 e6 4. O-O Nge7 5. c3 a6 6. Ba4 b5 7. Bc2 d5 8. e5 d4
9. Be4 Bb7 (9... Nd5 $5 10. a4 Rb8 11. axb5 axb5 12. Qc2 h6 $6 (12... g6 $142)
13. cxd4 Nxd4 14. Nxd4 cxd4 15. d3 $14 {Polgar,J-Polgar,Zs/New York/1992}) 10.
cxd4 (10. d3 Ng6 11. Re1 Be7 12. cxd4 cxd4 13. Nbd2 O-O 14. Nb3 Rb8 15. Bd2 $14
{Torre-Fedorowicz/San Francisco/1991}) 10... cxd4 11. d3 Qb6 12. Re1 Rc8 13. a3
h6 14. h4 g6 15. Bf4 Bg7 16. Nbd2 O-O 17. Nf1 Rfe8 (17... Rfd8 18. Qd2 Kh7 19.
N1h2 Nd5 $6 20. Bxd5 Rxd5 21. Ng4 h5 22. Nf6+ $16) 18. N1h2 Kh8 19. Ng4 Ng8 20.
Ng5 $1 Rf8 (20... hxg5 21. hxg5 Nge7 22. Nf6 Nf5 23. Qg4 $18) 21. h5 Qd8 $2 (
21... hxg5 22. Bxg5 f5 23. exf6 Bxf6 (23... Nxf6 24. h6 $18) 24. Qd2 $40) 22.
hxg6 hxg5 23. Qf3 $1 Bh6 24. Nxh6 fxg6 (24... Nxh6 25. Qh5 Kg7 26. Bxg5 $18)
25. Qh3 Kg7 26. Nxg8 Rxf4 27. Nf6 Rh4 28. Qxe6 Na5 29. Rac1 Rc7 1-0

[Event "Maribor Pirc Memorial"]
[Site "Maribor"]
[Date "1996.??.??"]
[Round "?"]
[White "Barle, Janez"]
[Black "Kozul, Zdenko"]
[Result "0-1"]
[WhiteElo "2430"]
[BlackElo "2580"]
[Annotator "Horvath,Ta"]
[PlyCount "134"]
[EventDate "1996.05.??"]
[EventType "tourn"]
[EventRounds "11"]
[EventCountry "SLO"]
[EventCategory "10"]
[SourceTitle "CBM 055"]
[Source "ChessBase"]
[SourceDate "1996.12.01"]
[SourceVersion "1"]
[SourceVersionDate "1996.12.01"]
[SourceQuality "1"]

1. e4 c5 2. Nf3 Nc6 3. Bb5 Na5 4. O-O a6 5. Be2 e6 6. c3 Nf6 7. e5 Nd5 8. d4
cxd4 9. cxd4 Be7 10. Nbd2 (10. Nc3 $5 Nxc3 11. bxc3 O-O 12. Bd3 d6 13. Re1 $14)
10... b5 11. Ne4 h6 12. Bd2 (12. Ng3 $5 Bb7 13. Bd3 Rc8 $13) 12... Bb7 13. Nc5
$6 (13. Bd3 Rc8 14. Qe2 Nc4 $13) 13... Bxc5 14. dxc5 Nc6 15. a4 b4 16. Bd3 f5
17. exf6 Qxf6 18. Be4 {Beide schwarzen Springer steht gut,der Nachziehende
kontrolliert den kritische n Feldern im Zentrum.} O-O 19. Bxd5 {Das ist schon
nur kampf um Ausgleich.} exd5 20. Qb3 Kh8 21. Bxb4 d4 22. Bd2 Nd8 23. Rae1 Bxf3
(23... Rb8 24. Ne5) 24. Qxf3 Qxf3 25. gxf3 a5 26. Re4 (26. Re7 Ra7 27. Rfe1 Nc6
28. Re8 Kg8 $15) 26... Nc6 27. Bf4 Rf5 28. Rc1 Raf8 29. Bd6 R8f7 30. f4 Rd5 31.
Rd1 Kh7 32. Rd3 $6 (32. Rd2 Kg6 (32... d3 33. Re3 Nb4 34. Be5 Rxc5 35. Bc3 $10)
33. Be5 Kf5 34. f3 g5 35. Bxd4 gxf4 36. Bc3 $1 Rxc5 37. Rd6 $14) 32... Kg6 33.
f3 Kf5 34. Kf2 Rf6 35. h4 Re6 36. Rxe6 Kxe6 (36... dxe6 37. Bf8 Kg6 38. Bd6 $13
) 37. Rd1 Rh5 38. Kg3 Kd5 39. b3 g6 40. Bf8 Rf5 41. Bd6 $2 (41. Bxh6 $1 Kxc5 (
41... Nb4 42. Bg5 d3 43. Kg4 Rf8 44. h5 gxh5+ 45. Kxh5 Kd4 46. Kg6 Kc3 47. f5
Rg8+ 48. Kh6) (41... Rf7 42. Kg4 Kxc5 43. Bg5 (43. Kg5 Ne7 $1) 43... Kb4 44. h5
gxh5+ 45. Kxh5 Kxb3 46. Kg6 Rf8 47. Kg7 (47. Bh6 Ne7+ 48. Kg7 Rc8 49. Bg5 (49.
Kf6 Ng8+ 50. Kg7 Nxh6 51. Kxh6 Rc6+ 52. Kg7 Kc3 53. f5 d3 54. f6 Kc2 55. Rg1 d2
56. f7 Rc8 57. f8=Q Rxf8 58. Kxf8 d1=Q 59. Rxd1 Kxd1 60. f4 d5 61. f5 d4 62. f6
d3 63. f7 d2 64. Ke7 Kc2 $10) 49... Nf5+ 50. Kg6 Rc5 $17) 47... Rf5 48. Kg6 $10
) 42. Kg4 Rd5 43. Bg5 d3 44. h5 gxh5+ 45. Kxh5 d2 46. f5 Rxf5 47. Kg4 Rxg5+ $2
(47... Rd5 48. Rxd2 $16) 48. Kxg5 Nd4 49. f4 Nxb3 50. f5 $18) 41... Rf6 42. Kf2
Re6 43. Re1 $2 Rxe1 44. Kxe1 h5 $19 {[#]} 45. Kd2 Nd8 46. Kc2 Ne6 47. Be7 Nxc5
48. Bd8 d3+ 49. Kc3 d2 50. Kxd2 Nxb3+ 51. Kc3 Nc5 52. Bxa5 Nxa4+ 53. Kd3 Nb2+
54. Ke2 Ke6 55. Bc3 Nc4 56. Kd3 Nd6 57. Ba5 Kf5 58. Bc7 Ne8 59. Bd8 Ng7 60. Bg5
Ne6 61. Ke3 d5 62. Bh6 Nxf4 $1 63. Kd4 Ne6+ 64. Kxd5 g5 $1 65. Kd6 gxh4 66. Be3
h3 67. Bg1 Ng5 0-1

[Event "Maribor Pirc Memorial"]
[Site "Maribor"]
[Date "1996.??.??"]
[Round "?"]
[White "Grosar, Aljosa"]
[Black "Podlesnik, Bogdan"]
[Result "1/2-1/2"]
[WhiteElo "2470"]
[BlackElo "2410"]
[Annotator "Horvath,Ta"]
[PlyCount "35"]
[EventDate "1996.05.??"]
[EventType "tourn"]
[EventRounds "11"]
[EventCountry "SLO"]
[EventCategory "10"]
[SourceTitle "CBM 055"]
[Source "ChessBase"]
[SourceDate "1996.12.01"]
[SourceVersion "1"]
[SourceVersionDate "1996.12.01"]
[SourceQuality "1"]

1. e4 c5 2. Nf3 Nc6 3. Bb5 e6 4. O-O Nge7 5. b3 Nd4 6. Nxd4 cxd4 7. c3 a6 8.
Bd3 Nc6 9. cxd4 Nxd4 10. Nc3 (10. Bb2 Bc5 11. Na3 $1 O-O 12. Nc2 Nxc2 13. Qxc2
$6 (13. Bxc2 d5 14. exd5 Qxd5 (14... exd5 $2 15. Bxh7+ $1) 15. Re1 Bd4 16. Be4
Qd6 17. Bxd4 Qxd4 18. Rc1 $14) 13... d6 $10) 10... Be7 11. Qg4 O-O 12. Bb2 d6
13. Ne2 e5 14. Qg3 Bh4 15. Qe3 Bg5 16. Qg3 Bh4 17. Qe3 Bg5 18. Qg3 1/2-1/2

[Event "Interzonal-16"]
[Site "Biel"]
[Date "1993.??.??"]
[Round "9"]
[White "Huebner, Robert"]
[Black "Abramovic, Bosko"]
[Result "1-0"]
[WhiteElo "2605"]
[BlackElo "2460"]
[Annotator "Huebner,R"]
[PlyCount "53"]
[EventDate "1993.07.16"]
[EventType "swiss"]
[EventRounds "13"]
[EventCountry "SUI"]
[SourceTitle "CBM 037"]
[Source "ChessBase"]
[SourceDate "1993.12.01"]
[SourceVersion "1"]
[SourceVersionDate "1993.12.01"]
[SourceQuality "1"]

1. e4 c5 2. Nf3 Nc6 3. Bb5 e6 4. Bxc6 bxc6 5. O-O Ne7 6. d3 Ng6 7. Nbd2 $5 (7.
Nc3) 7... d6 (7... Be7) 8. Nc4 Be7 (8... d5 $5 $13) 9. Bd2 {><a5} O-O (9... a5
$2 10. Qe1 a4 11. Ba5 $18) (9... d5 10. Na5 $16) 10. a3 {/\ b4} f5 $2 (10... a5
$2 11. Qe1 a4 12. Ba5 Qe8 13. Nb6 {/\ Na4+/-}) (10... e5 $142 {/\} 11. b4 cxb4
12. axb4 f5 $13) 11. e5 $16 d5 12. Na5 Qc7 13. Re1 (13. c4 Nxe5 14. Nxe5 Qxe5
15. Nxc6 Qc7 16. Nxe7+ Qxe7 $10) 13... Rb8 14. Rb1 f4 (14... Rb5 15. b4 cxb4
16. axb4 c5 17. c4 dxc4 18. dxc4 Rb8 19. b5 Bd7 20. Qc2 $16) (14... Nh4 15.
Nxh4 Bxh4 16. b4 Be7 17. f4 $16) 15. c4 Bd7 16. Qc2 (16. b4 cxb4 17. axb4 c5
18. b5 Rf5 $13) 16... Nh4 (16... Rf5 17. d4 {/\} cxd4 18. cxd5 exd5 19. e6) (
16... Rfc8 17. b4 {/\ d4+/-}) 17. Nxh4 Bxh4 18. b4 Be7 (18... cxb4 19. Bxb4 {/\
} c5 20. cxd5) 19. Nb3 (19. d4 cxd4 20. cxd5 (20. c5 Rf5) (20. Qd3 c5) 20...
exd5 21. e6 Be8 {/\ Bg6, d3-/+}) (19. bxc5 Bxc5 20. Bb4 Bxb4 21. axb4 Qd8 22.
cxd5 (22. f3 c5) 22... cxd5 $10) 19... cxb4 (19... Rf5 20. d4 cxd4 21. cxd5
Rxe5 22. dxc6) (19... Be8 20. bxc5 $16) 20. cxd5 exd5 21. e6 Be8 22. axb4 (22.
Bxb4 $2 c5 {/\ 23.Nc5 a5, /\ 23.Bc5 Rb3 Abramovic,B}) 22... Bg6 $6 (22... Bxb4
$142 23. Bxb4 (23. Nc5 Bxd2 (23... Bxc5 24. Qxc5 $16) 24. Qxd2 Rxb1 25. Rxb1 d4
{/\ Qd6}) 23... Rxb4 24. Ra1 $5 (24. Nc5 Rxb1 25. Qxb1 d4 (25... Qb6 26. d4 $16
) 26. Qb3 (26. Qb4 Qd6 27. Re4 $2 Rf5) 26... Qd6 27. Ne4 $13) 24... Qb6 (24...
Bg6 {Q 22... Bg6}) 25. Nc5 a5 26. Qc3 d4 27. Qc1 $16) 23. Ra1 (23. Nc5 Bxc5 $10
) (23. Nd4 c5 {/\ c4}) 23... Bxb4 $6 (23... Qb6 $142 24. Ra4 $16) 24. Bxb4 Rxb4
25. Qc3 (25. Nc5 $2 Rc4) 25... Rfb8 (25... Qb6 26. Nc5 {/\ Nd7} Rb2 27. Ra6) (
25... Rbb8 26. Nc5 Rbe8 27. Nd7 Rf5 28. Qc5) 26. Nc5 Qb6 (26... Rb2 27. Nd7 (
27. Na6 Qb6) (27. e7 Be8 {/\} 28. Ne6 Qxe7) 27... R8b3 28. Qc5 Qc8 29. Qxa7 {/\
} Rxd3 30. Qa8 Qe8 31. Qxe8+ Bxe8 32. Ra8) 27. Nd7 1-0

[Event "EU-ch 12th"]
[Site "Aix les Bains"]
[Date "2011.03.24"]
[Round "3"]
[White "Inarkiev, Ernesto"]
[Black "Markos, Jan"]
[Result "1-0"]
[WhiteElo "2674"]
[BlackElo "2546"]
[Annotator "Inarkiev,E"]
[PlyCount "55"]
[EventDate "2011.03.22"]
[EventType "swiss"]
[EventRounds "11"]
[EventCountry "FRA"]
[SourceTitle "CBM 142 Extra"]
[Source "ChessBase"]
[SourceDate "2011.06.27"]
[SourceVersion "1"]
[SourceVersionDate "2011.06.27"]
[SourceQuality "1"]

{I like the final part of this game. White got the advantage in the opening;
it was nice that I managed to convert it in attacking style. Everybody likes
hunting the opponent's king!} 1. e4 c5 2. Nf3 Nc6 3. Nc3 Nf6 {The Sveshnikov
Variation is the main weapon in Jan's repertoire.} 4. Bb5 Qc7 5. d3 {It's hard
to call this move "sideline"} ({but the main line, and the most popular is} 5.
O-O) 5... d6 6. O-O e6 {The flexible setup. Black wants to finish his
development with Bd7, and Be7.} 7. Bxc6+ $5 {The direct attempt to use the
development advantage by actions in the centre.} bxc6 {Here, this is a novelty,
but the same position was achieved in several games with different orders of
moves.} ({An alternative is} 7... Qxc6 {Here I like the games of the Michael
Adams. Both briliant example of strategical play.} 8. e5 (8. Bf4 Be7 9. e5 Nd7
10. d4 dxe5 11. Nxe5 Nxe5 12. dxe5 b6 13. Qh5 O-O $11 {Objectively, Black is
OK, but the picture changes just in few moves.} 14. f3 f5 15. Bg5 Bxg5 16. Qxg5
Qc7 17. Qf4 Ba6 18. Rfd1 Rad8 19. Rd6 $16 {...1-0, Adams Michael 2707 -
Hamdouchi Hichem 2575 , 3.2.2006 FRA-chT Top 16 GpB}) 8... Nd7 9. d4 d5 {
The centre is closed, and the development advantage is not so important now.}
10. a4 b6 11. Re1 h6 12. Ne2 a6 13. h4 Bb7 $13 {Once again, Black is OK, but...
} 14. c3 c4 15. a5 bxa5 16. Rxa5 Qb6 17. Ra1 a5 18. Nf4 Bc6 19. Nh2 Nb8 20. Qh5
$14 {...1-0, Adams Michael (ENG) 2704 - Zhigalko Andrey (BLR) 2587 , Rijeka 17.
3.2010 Ch Europe}) 8. Qe2 {(/\e4-e5).} e5 ({If Black wants to continue the
flexible strategy, avoiding any confrontation in the centre, then} 8... Nd7 $5
{is interesting, for example:} 9. Ng5 h6 10. Nh3 e5 11. f4 exf4 12. Bxf4 Be7
$13 13. Qf3 Bf6 14. Qg3 Ne5 {...0-1 Bhat,V (2403)-Milov,V (2605)/Andorra 2001/
CBM 083 ext (34)}) 9. Nh4 {(/\f2-f4). Now, when the fight in the centre is
unavoidable, Black has to be accurate, because White has the development
advantage.} g6 $6 {This way to develop is too slow.} ({Safe enough and just
better is} 9... Be7 {after} 10. f4 exf4 11. Bxf4 $36 O-O {I would prefer
White's position, but it's very far from a clear advantage.}) 10. f4 $14 Bg4 $6
{Formally, only this move is a novelty. Maybe it's not a very big mistake, but
when the position is inferior, even a small inaccuracy can become fatal.} ({
I can imagine, that Markos didn't like position after} 10... exf4 {this move
was played in a previous game} 11. Bxf4 $5 $14 ({The following game, is nice
example of attacking chess.} 11. e5 $5 dxe5 12. Bxf4 Nd7 13. Rae1 Bg7 14. Nf3
f6 15. Ne4 O-O 16. Be3 Re8 17. g4 f5 18. gxf5 gxf5 19. Nfg5 Nf6 20. Nxf6+ Bxf6
21. Qh5 Re7 22. Nxh7 Rg7+ 23. Kh1 Qf7 24. Nxf6+ Qxf6 25. Rg1 {1-0, Vasiukov
Evgeni (RUS) 2560 - Velimirovic Dragoljub (SRB) 2510 , Tbilisi 1973 Match
"URS-Yugoslavia"}) {Now, Black has to stop e4-e5.} 11... Nh5 $1 12. Bg5 Bg7 {
Of course, White has the initiative, but Black has almost finished his
development, and hasn't lost anything yet.}) (10... Nd7 11. f5 $14) 11. Qf2
exf4 12. Bxf4 {Despite the manoeuvre of Black's bishop, the e4-e5 is still a
deadly threat.} Be6 $2 {Parries the thrust e4-e5, but only e4-e5.} ({Of course,
} 12... Bg7 $2 {is bad:} 13. e5 $18) ({And} 12... Nd7 $6 {is too passive:} 13.
Rae1 $16) ({The same defensive move was necessary} 12... Nh5 $1 {and now, the
direct} 13. e5 {leads only to the slightly better position for White.} Nxf4 14.
Qxf4 Be6 15. Qf6 ({Worse is} 15. Ne4 dxe5 16. Qf6 Rg8 17. Nf3 Bg7 18. Qh4 Qe7
$13) 15... Rg8 16. Nf3 Be7 17. exd6 Qxd6 18. Qe5 O-O-O $14 {Black's pawns are
weak, but with the bishop pair there should be enough counterplay.}) 13. Qxc5
$16 {The second threat worked. The move is not hard, but it's important to be
ready to change your mind. White has very promising attacking prospects, and
it seems that taking the pawn is too petty. But here, this is the best choice.}
O-O-O {The only chance. The king will not survive in the centre.} ({But, the
endgame is too bad} 13... dxc5 14. Bxc7 $18) {The next part is the reason why
I like this game.} 14. Qd4 $1 {After an unexpected, but very quick evacuation
of Black's king to the queenside, Black is ready to finish his development.
Also, the play can become complicated in the middlegame, because the kings now
are on different flanks, and in the endgame, the bishop pair can give to Black
serious chances. So accurate play is required. With the text move, White
forces the exchange of the dark-squared bishops.} Bg7 15. Bg5 $1 Nh5 ({Black
have a nice trap} 15... Ng4 16. Qxg7 Qb6+ 17. Kh1 Rdg8 {and White's queen has
no place to escape to, but} 18. Na4 $1 $18 {and the c3-square is the way to
the freedom for the queen.}) 16. Qe3 f6 17. Bh6 {This is the point, but now
Black can take the pawn back.} Bxh6 18. Qxh6 Qb6+ {Of course, it's dangerous
to open the b-file, but otherwise, White will have the healthy extra pawn.} 19.
Kh1 Qxb2 20. Qd2 {It's very hard for Black to consolidate the position, the
king is too weak.} Qa3 21. Rab1 Kc7 ({If} 21... Rd7 {then, besides some quiet
moves, the combination is possible} 22. Nd5 $1 cxd5 23. Rb3 Qa4 24. Rfb1 $18 {
with the decisive attack.}) 22. Rb4 $1 {With this small trick, White increases
the power of the rook, on the fourth rank it will be terrifically strong.} Rb8
(22... Qxb4 $2 23. Nd5+ $18) 23. Ra4 Qc5 24. Nf3 $18 {One more piece is coming,
now White's attack is irresistible.} Rb2 25. Nd4 Re8 {The final blow, suddenly
comes from the kingside.} 26. g4 $1 Bxg4 ({One nice variation is} 26... Ng7 27.
Qh6 $18 Re7 28. Qxg7 $1) 27. Rc4 Qg5 28. Nd5+ 1-0